000
00310nam a22001337a 4500
003
SGT
082
_a
920
_b
E90M
100
_a
MOOKERJEE, SYAMA PRASAD
245
_a
EMINENT PARLIAMENTARIANS MONOGRAPH SERIES
260
_b
LOK SABHA SECRETARIAT
_c
1990
300
_a
E90M
650
_a
BIOGRAPHY
942
_2
ddc
_c
BK
999
_c
28177
_d
28177